000 00567nam a22001937a 4500
999 _c172508
_d172508
005 20200206124350.0
010 _aA-688324
020 _c51.00
035 _aA-688324
037 _bBPPD/Pub.
082 _a907.2
100 _aسید جمال الدین
245 _aتاریخ نگاری /
_cسید جمال الدین
246 _aTareekh-E-Nighari (Urdu) /
_bby Syed Jamaluddin
260 _aNew Delhi
_bNayi Awaz
_c1994 ء
270 _aJamia Nagar
_bNew Delhi
_e110025
300 h _a154p.
_c21cm(Hb)
942 _2ddc
_cUR
_h907.2
_mج م ا